000 00458nam a2200181Ia 4500
008 090124s9999 xx 000 0 und d
082 _b6171
_a77
100 _aकाणेकर अनंत
245 _a घरकुल
250 _a1
260 _c1941
300 _a125
600 _aकाणेकर अनंत
630 _a घरकुल
700 _aकाणेकर अनंत
730 _a घरकुल
942 _cBOOK
999 _c120112
_d120112